MARC details
| 000 -CABECERA |
| campo de control de longitud fija |
01760nam a2200385 i 4500 |
| 003 - IDENTIFICADOR DEL NÚMERO DE CONTROL |
| campo de control |
DO-SdBNP |
| 005 - FECHA Y HORA DE LA ÚLTIMA TRANSACCIÓN |
| campo de control |
20240604194808.0 |
| 006 - CÓDIGOS DE INFORMACIÓN DE LONGITUD FIJA--CARACTERÍSTICAS DEL MATERIAL ADICIONAL |
| campo de control de longitud fija |
a||||br|||| 00| 0 |
| 007 - CAMPO FIJO DE DESCRIPCIÓN FÍSICA--INFORMACIÓN GENERAL |
| campo de control de longitud fija |
ta |
| 008 - DATOS DE LONGITUD FIJA--INFORMACIÓN GENERAL |
| campo de control de longitud fija |
240510r1994 dr ab||| |||| 00| 0 spa d |
| 040 ## - FUENTE DE LA CATALOGACIÓN |
| Centro catalogador/agencia de origen |
DO-SdBNP |
| Lengua de catalogación |
spa |
| Centro/agencia transcriptor |
BNPHU |
| Centro/agencia modificador |
rda |
| 082 #4 - NÚMERO DE LA CLASIFICACIÓN DECIMAL DEWEY |
| Número de edición |
22 |
| Número de documento/Ítem |
N964e 1994 |
| 100 1# - ENTRADA PRINCIPAL--NOMBRE DE PERSONA |
| Nombre de persona |
Núñez, Milena |
| Término indicativo de función/relación |
autora |
| 9 (RLIN) |
85434 |
| 245 10 - MENCIÓN DE TÍTULO |
| Título |
Español y Ciencias Sociales 4º: |
| Resto del título |
libro del alumno / |
| Mención de responsabilidad, etc. |
Milena Núñez, Ligia Ramírez, Carmen Bajarán, Máximo Portorreal, Gladys Tahira Vargas, Juan Colón Castillo. |
| 246 11 - FORMA VARIANTE DE TÍTULO |
| Título propio/Titulo breve |
Español y Ciencias Sociales cuarto grado: |
| Resto del título |
libro del alumno. |
| 264 #4 - PRODUCCIÓN, PUBLICACIÓN, DISTRIBUCIÓN, FABRICACIÓN Y COPYRIGHT |
| Producción, publicación, distribución, fabricación y copyright |
[Santo Domingo] : |
| Nombre del de productor, editor, distribuidor, fabricante |
Programa de Mejoramiento de la Educación Básica, |
| Fecha de producción, publicación, distribución, fabricación o copyright |
©1994 |
| 300 ## - DESCRIPCIÓN FÍSICA |
| Extensión |
82 páginas : |
| Otras características físicas |
ilustraciones, gráficas ; |
| Dimensiones |
27 cm. |
| 336 ## - TIPO DE CONTENIDO |
| Fuente |
rdacontent |
| Término de tipo de contenido |
texto |
| Código de tipo de contenido |
txt |
| 337 ## - TIPO DE MEDIO |
| Fuente |
rdamedia |
| Nombre/término del tipo de medio |
sinmediación |
| Código del tipo de medio |
n |
| 338 ## - TIPO DE SOPORTE |
| Fuente |
rdacarrier |
| Nombre/término del tipo de soporte |
volumen |
| Código del tipo de soporte |
nc |
| 500 ## - NOTA GENERAL |
| Nota general |
Libro de texto de 4º grado primaria. |
| 501 ## - NOTA DE "CON" |
| Nota de “Con” |
Con: Lengua Española / Milena Núñez, Ligia Ramírez Carmen Bajarán,<br/>Con: Ciencias Sociales / Máximo Portorreal, Gladys Tahira Vargas, Juan Colón Castillo. |
| 505 ## - NOTA DE CONTENIDO CON FORMATO |
| Nota de contenido con formato |
Lengua Española / |
| Mención de responsabilidad |
Milena Núñez y Ligia Ramírez Carmen Bajarán. |
| 505 ## - NOTA DE CONTENIDO CON FORMATO |
| Nota de contenido con formato |
Ciencias Sociales / |
| Mención de responsabilidad |
Máximo Portorreal, Gladys Tahira Vargas y Juan Colón Castillo. |
| 590 ## - NOTA LOCAL (RLIN) |
| Nota local |
Inventariado 2024 / MF |
| 650 #4 - PUNTO DE ACCESO ADICIONAL DE MATERIA--TÉRMINO DE MATERIA |
| Término de materia o nombre geográfico como elemento de entrada |
Lengua Española |
| Subdivisión general |
Libro de Texto |
| 9 (RLIN) |
28072 |
| 650 #0 - PUNTO DE ACCESO ADICIONAL DE MATERIA--TÉRMINO DE MATERIA |
| Término de materia o nombre geográfico como elemento de entrada |
Ciencias sociales |
| Subdivisión general |
Libro de Texto |
| 9 (RLIN) |
1065 |
| 700 1# - PUNTO DE ACCESO ADICIONAL--NOMBRE DE PERSONA |
| Nombre de persona |
Núñez, Milena, |
| 9 (RLIN) |
85434 |
| Término indicativo de función/relación |
autora |
| 700 1# - PUNTO DE ACCESO ADICIONAL--NOMBRE DE PERSONA |
| Nombre de persona |
Ramírez, Ligia, |
| 9 (RLIN) |
84317 |
| Término indicativo de función/relación |
autora |
| 700 1# - PUNTO DE ACCESO ADICIONAL--NOMBRE DE PERSONA |
| Nombre de persona |
Bajarán, Carmen, |
| Término indicativo de función/relación |
autora |
| 9 (RLIN) |
85471 |
| 700 1# - PUNTO DE ACCESO ADICIONAL--NOMBRE DE PERSONA |
| Nombre de persona |
Portorreal, Máximo, |
| Término indicativo de función/relación |
autor |
| 9 (RLIN) |
85472 |
| 700 1# - PUNTO DE ACCESO ADICIONAL--NOMBRE DE PERSONA |
| Nombre de persona |
Vargas, Tahira, |
| Término indicativo de función/relación |
autora |
| 9 (RLIN) |
1966 |
| 700 1# - PUNTO DE ACCESO ADICIONAL--NOMBRE DE PERSONA |
| Nombre de persona |
Colón Castillo, Juan |
| 9 (RLIN) |
24707 |
| Término indicativo de función/relación |
autor |
| 942 ## - ELEMENTOS DE PUNTO DE ACCESO ADICIONAL (KOHA) |
| Fuente del sistema de clasificación o colocación |
Dewey Decimal Classification |
| Tipo de ítem Koha |
Libro |